000 00731nam a2200241Ia 4500
003 OSt
005 20220927105226.0
006 a|||||r|||| 00| 0
007 ta
008 220926b |||||||| |||| 00| 0 eng d
024 _a188084
037 _cReference Collections
040 _aRTL
_cRTL
_beng
041 _2eng
_aeng
082 _a"D6,8(B2895), K3"
100 _aTrakhtenbrot B. A.
_9371176
245 0 _aAlgorithms and automatic computing machines Tr. by jerome Kristian and others
260 _aBoston
_bD.C. Heath and Company Boston
_c1963
300 _a101p
_ccm.
500 _aBibliography: P101
942 _h"D6,8(B2895), K3"
_cCC
999 _c691405
_d691405